[Event "Regionalliga Northeast 2002/03"]
[Site "masterchessopen.com Germany"]
[Date "2003.03.30"]
[Round "9"]
[White "Hlavac Rudolf (CZE)"]
[Black "Kraft Hans (GER)"]
[Result "1-0"]
[WhiteElo "2150"]
[BlackElo "2118"]

1.e4 c5 2.Nf3 Nc6 3.d4 cxd4 4.Nxd4 g6 5.c4 Bg7 6.Be3 Nf6 7.Nc3 Ng4 8.Qxg4 Nxd4
9.Qd1 Ne6 10.Rc1 Qa5 11.Qd2 b6 12.Qd5 Qxd5 13.exd5 Nc5 14.b4 Na6 15.Nb5 O-O
16.a3 Bb7 17.Be2 Rfc8 18.O-O Nc7 19.a4 Nxb5 20.axb5 d6 21.Rfd1 Rc7 22.Rc2 Bc8
23.Ra2 Rb8 24.c5 Bc3 25.Ra4 Bf5 26.cxb6 axb6 27.Rc1 Rcc8 28.f3 Bf6 29.Rc6 Bd7
30.Ra7 Bxc6 31.bxc6 b5 32.c7 Ra8 33.Rxa8 Rxa8 34.Bxb5 Rc8 35.Bb6 {#r} 1-0

[Event "It (open)"]
[Site "masterchessopen.com Dresden (Germany)"]
[Date "2003.07.25"]
[Round "1"]
[White "Luther Thomas (GER)"]
[Black "Steinberg Jose"]
[Result "1-0"]
[WhiteElo "2540"]
[BlackElo "2223"]

1.e4 c5 2.Nf3 Nc6 3.d4 cxd4 4.Nxd4 g6 5.c4 Bg7 6.Be3 Nf6 7.Nc3 Ng4 8.Qxg4 Nxd4
9.Qd1 Ne6 10.Rc1 O-O 11.Be2 d6 12.O-O b6 13.Qd2 Bb7 14.Nd5 Rc8 15.b3 Qd7
16.Rfd1 f5 17.exf5 gxf5 18.Bh6 Bxh6 19.Qxh6 Bxd5 20.cxd5 Ng7 21.Qg5 Rc5 22.b4
Rxc1 23.Rxc1 Rf6 24.Rc6 Rg6 25.Qc1 Kf7 26.Rc7 Qa4 27.Qe3 Ne6 28.dxe6+ Rxe6
29.Bh5+ {#r} 1-0

[Event "Ch Poland (team) (2nd liga)"]
[Site "masterchessopen.com Poland"]
[Date "2003.09.06"]
[Round "1"]
[White "Chlost Marlena (POL)"]
[Black "Jalowiec Halina (POL)"]
[Result "1-0"]
[WhiteElo "2094"]
[BlackElo "2099"]

1.e4 c5 2.Nf3 Nc6 3.d4 cxd4 4.Nxd4 g6 5.c4 Bg7 6.Be3 Nf6 7.Nc3 Ng4 8.Qxg4 Nxd4
9.Qd1 Ne6 10.Be2 Qa5 11.O-O Bxc3 12.bxc3 Qxc3 13.Rc1 Qe5 14.Bd3 g5 15.g3 Rg8
16.c5 g4 17.f4 gxf3 18.Qxf3 f6 19.Qg2 Ng7 20.Bc4 e6 21.Rcd1 f5 22.Bd4 Qxe4
23.Qh3 h5 24.Rf4 Qc6 25.Bxg7 Rxg7 26.Qxh5+ Ke7 27.Qh4+ Ke8 28.Qh8+ Ke7
29.Qxg7+ Kd8 30.Qf8+ Kc7 31.Qd6+ Qxd6 32.cxd6+ {#r} 1-0

[Event "Memorial M.Najdorf (qual.) (under 20)"]
[Site "masterchessopen.com Buenos Aires (Argentina)"]
[Date "2003.10.06"]
[Round "7"]
[White "Real De Azua Ernesto (ARG)"]
[Black "Liascovich Lucas (ARG)"]
[Result "1-0"]
[WhiteElo "2367"]
[BlackElo "2415"]

1.e4 c5 2.Nf3 g6 3.d4 cxd4 4.Nxd4 Bg7 5.c4 Nc6 6.Be3 Nf6 7.Nc3 Ng4 8.Qxg4 Nxd4
9.Qd1 Ne6 10.Rc1 Qa5 11.Be2 b6 12.O-O Bb7 13.f3 g5 14.Rf2 Qe5 15.Bf1 h5 16.Rd2
Bc6 17.b4 d6 18.Nd5 Rc8 19.Bf2 Rg8 20.Bg3 Nf4 21.c5 Bxd5 22.Rxd5 Qb2 23.Rc2
Qxb4 24.cxd6 Rc5 25.Rdxc5 bxc5 26.Bf2 Ne6 27.Qd5 {#r} 1-0

[Event "Tournament \"]
[Site "masterchessopen.com Internet"]
[Date "2003.11.08"]
[Round "14"]
[White "Bock Juergen (GER)"]
[Black "Soylu Suat (TUR)"]
[Result "1-0"]
[WhiteElo "2244"]
[BlackElo "2416"]

1.Nf3 c5 2.c4 Nc6 3.e4 g6 4.d4 cxd4 5.Nxd4 Bg7 6.Be3 Nf6 7.Nc3 Ng4 8.Qxg4 Nxd4
9.Qd1 e5 10.Nb5 Nxb5 11.cxb5 O-O 12.Bc4 Qh4 13.Bd5 d6 14.O-O Qe7 15.Qb3 Kh8
16.Rac1 f5 17.f3 fxe4 18.fxe4 Bg4 19.Rxf8+ Rxf8 20.Bxa7 Qg5 21.Be3 Qd8 22.Bxb7
h5 23.Bd5 Be2 24.b6 Ba6 25.b7 Qb8 26.Qb6 Be2 27.h3 Kh7 28.Qc7 Rf1+ 29.Kh2 Rf8
30.Qxb8 Rxb8 31.Rc8 {#r} 1-0

[Event "It (open) \"]
[Site "masterchessopen.com Athens (Greece)"]
[Round "2"]
[White "Kalagasidis Haralambos (GRE)"]
[Black "Panagiotakos Petros (GRE)"]
[Result "1-0"]
[WhiteElo "2177"]
[BlackElo "1997"]

1.e4 c5 2.Nf3 Nc6 3.d4 cxd4 4.Nxd4 g6 5.c4 Bg7 6.Be3 Nf6 7.Nc3 Ng4 8.Qxg4 Nxd4
9.Qe2 Ne6 10.Qd2 Qa5 11.Be2 b6 12.O-O Bb7 13.f3 g5 14.Rfd1 d6 15.Rab1 h5 16.b4
Qe5 17.Nd5 g4 18.f4 Nxf4 19.Bxf4 Qxe4 20.Bf1 Rc8 21.Re1 Qd4+ 22.Qxd4 Bxd4+
23.Kh1 e6 24.Rbd1 Bg7 25.Bxd6 Kd7 26.Ne3 Ke8 27.c5 f5 28.Nxf5 Kf7 29.Nxg7 Kxg7
30.Rxe6 Rcd8 31.Re7+ {#r} 1-0

[Event "Ch de la ligue Nord"]
[Site "masterchessopen.com Lille (France)"]
[Round "4"]
[White "Manet Eric (FRA)"]
[Black "Camblor Ludovic (FRA)"]
[Result "1-0"]
[WhiteElo "2070"]
[BlackElo "1819"]

1.e4 c5 2.Nf3 g6 3.d4 Bg7 4.c4 cxd4 5.Nxd4 Nc6 6.Be3 Nf6 7.Nc3 Ng4 8.Qxg4 Nxd4
9.Qd1 Ne6 10.Qd2 Qa5 11.Rc1 Bxc3 12.Qxc3 Qxc3+ 13.Rxc3 O-O 14.Bd3 b6 15.O-O
Bb7 16.f3 Rfc8 17.Rfc1 d6 18.Kf2 Kf8 19.h4 h5 20.Bb1 Rc7 21.Bd2 Rac8 22.Ke3
Nc5 23.Be1 Nd7 24.Bg3 Ba6 25.Bd3 Nc5 26.Be2 Na4 27.Ra3 b5 28.Rb1 Nc5 29.cxb5
{#r} 1-0

[Event "Ch France (team) (juniors) 2003/04"]
[Site "masterchessopen.com France"]
[Date "2004.01.03"]
[Round "6"]
[White "Edouard Romain (FRA)"]
[Black "Ip Vincent (FRA)"]
[Result "1-0"]
[WhiteElo "2212"]
[BlackElo "2050"]

1.e4 c5 2.Nf3 Nc6 3.d4 cxd4 4.Nxd4 g6 5.c4 Bg7 6.Be3 Nf6 7.Nc3 Ng4 8.Qxg4 Nxd4
9.Qd1 Ne6 10.Rc1 Qa5 11.Qd2 b6 12.Bd3 Bb7 13.O-O g5 14.Rfd1 d6 15.Nd5 Qxd2
16.Rxd2 Rc8 17.b4 Bd4 18.Bxd4 Nxd4 19.Bf1 Ne6 20.f3 Kd7 21.Rcd1 Nc7 22.Ne3 Ke6
23.g3 Rb8 24.c5 bxc5 25.bxc5 Ne8 26.Rb2 dxc5 27.Rdb1 Nd6 28.Nf5 Bxe4 29.fxe4
Rxb2 30.Rxb2 Nxe4 31.g4 Rd8 32.Rb7 {#r} 1-0

[Event "It (open) \"]
[Site "masterchessopen.com Prague (Czech Republic)"]
[Date "2004.01.16"]
[Round "1"]
[White "Kislov Mikhail (RUS)"]
[Black "Maliszewski Jaroslaw (POL)"]
[Result "1-0"]
[WhiteElo "2368"]
[BlackElo "1983"]

1.e4 c5 2.Nf3 Nc6 3.d4 cxd4 4.Nxd4 g6 5.c4 Bg7 6.Be3 Nf6 7.Nc3 Ng4 8.Qxg4 Nxd4
9.Qd1 Nc6 10.Be2 d6 11.O-O O-O 12.Qd2 Be6 13.Rac1 b6 14.f4 Qc7 15.Nd5 Rfe8
16.Bd3 f5 17.Rfe1 Qd7 18.Qf2 Rf8 19.Rcd1 g5 20.Qg3 gxf4 21.Nxf4 fxe4 22.Bxe4
Bf5 23.Nh5 {#r} 1-0

[Event "It (open)"]
[Site "masterchessopen.com Chennai (India)"]
[Round "12"]
[White "Prasad Devaki V (IND)"]
[Black "Muralidharan M B (IND)"]
[Result "1-0"]
[WhiteElo "2375"]
[BlackElo "2327"]

1.e4 c5 2.Nf3 Nc6 3.d4 cxd4 4.Nxd4 g6 5.c4 Bg7 6.Be3 Nf6 7.Nc3 Ng4 8.Qxg4 Nxd4
9.Qd1 Ne6 10.Rc1 Qa5 11.Qd2 h5 12.f4 d6 13.Bd3 Nc5 14.Bb1 Be6 15.b3 f5 16.exf5
gxf5 17.Bd4 Bxd4 18.Qxd4 Kf7 19.O-O Rag8 20.Nd5 Nd7 21.b4 Qa3 22.Rce1 Qh3
23.Rf2 Rh6 24.Re3 Qh4 25.Qd3 b5 26.cxb5 Rhg6 27.Rfe2 Nf8 28.Qxf5+ Rf6 29.Rxe6
Nxe6 30.Nxf6 Qxf6 {#r} 1-0

[Event "Czech League 2003/04 (2nd) (e)"]
[Site "masterchessopen.com Czech Republic"]
[Date "2004.02.22"]
[Round "8"]
[White "Pavelka Jindrich (CZE)"]
[Black "Zatloukal Petr (CZE)"]
[Result "1-0"]
[WhiteElo "2141"]
[BlackElo "2085"]

1.e4 c5 2.Nf3 Nc6 3.d4 cxd4 4.Nxd4 g6 5.c4 Bg7 6.Be3 Nf6 7.Nc3 Ng4 8.Qxg4 Nxd4
9.Qd1 e5 10.Nb5 O-O 11.Qd2 Qh4 12.Bd3 Qg4 13.Bxd4 Qxg2 14.O-O-O exd4 15.h4 Qf3
16.Nc7 Be5 17.Nd5 d6 18.h5 Be6 19.Kb1 Bxd5 20.exd5 b5 21.cxb5 Bf4 22.Qe1 Rfe8
23.Qa5 Re7 24.b6 Rb7 25.Qe1 Rxb6 26.hxg6 hxg6 27.Bxg6 Rxb2+ 28.Kxb2 Qxd5
29.Qe4 Rb8+ 30.Ka1 Qc4 31.Bxf7+ Kxf7 32.Qxf4+ Ke6 33.Qxd4 {#r} 1-0

[Event "Ch Poland (juniors) (under 16)"]
[Site "masterchessopen.com Leba (Poland)"]
[Round "6"]
[White "Ziolkowski Piotr (POL)"]
[Black "Lewiarz Piotr (POL)"]
[Result "1-0"]
[WhiteElo "2065"]
[BlackElo "1974"]

1.e4 c5 2.Nf3 Nc6 3.d4 cxd4 4.Nxd4 g6 5.c4 Bg7 6.Be3 Nf6 7.Nc3 Ng4 8.Qxg4 Nxd4
9.Qd1 Ne6 10.Be2 O-O 11.O-O d6 12.Qd2 b6 13.f3 Bb7 14.Rac1 f5 15.exf5 gxf5
16.Nd5 Rc8 17.Rfd1 f4 18.Bxf4 Bxb2 19.Qxb2 Nxf4 20.Nxf4 Rxf4 21.c5 d5 22.Qe5
Rf6 23.cxb6 Qxb6+ 24.Kf1 Rxc1 25.Rxc1 Kf7 26.Bd3 h6 27.Rc7 Re6 28.Qf5+ Kg7
29.Rxb7 Qe3 30.Qh7+ Kf6 31.Qg6+ Ke5 32.Qg7+ Rf6 33.Rxe7+ {#r} 1-0

[Event "Ch Russia (juniors) (under 16)"]
[Site "masterchessopen.com Dagomys (Russia)"]
[Round "0"]
[White "Khodeev Mojsey (RUS)"]
[Black "Malakhov Igor (RUS)"]
[Result "1-0"]
[WhiteElo "1999"]
[BlackElo "2202"]

1.e4 c5 2.Nf3 Nc6 3.d4 cxd4 4.Nxd4 g6 5.c4 Bg7 6.Be3 Nf6 7.Nc3 Ng4 8.Qxg4 Nxd4
9.Qd1 Ne6 10.Be2 Bxc3+ 11.bxc3 Qa5 12.Qc2 b6 13.O-O Ba6 14.Rfd1 d6 15.Rd5 Nc5
16.Bxc5 bxc5 17.Rb1 O-O 18.e5 dxe5 19.Rxe5 e6 20.Bd3 Rab8 21.Rbe1 Qa3 22.R1e2
Rb6 23.h4 Rfb8 24.R2e3 Rb2 25.Qd1 Bxc4 26.Qg4 Bxd3 27.Rxd3 Qxa2 28.Rf3 Rc2
29.Qf4 Rb7 30.Rxc5 Qa3 31.Qe5 Rb1+ 32.Kh2 Qa6 33.Rxf7 {#r} 1-0

[Event "Ch Russia (juniors) (under 18)"]
[Site "masterchessopen.com Dagomys (Russia)"]
[Round "2"]
[White "Goncharov Andrei (RUS)"]
[Black "Evtushenko Grigory (RUS)"]
[Result "1-0"]
[WhiteElo "2195"]
[BlackElo "2061"]

1.e4 c5 2.c4 Nc6 3.Ne2 g6 4.d4 cxd4 5.Nxd4 Bg7 6.Be3 Nf6 7.Nc3 Ng4 8.Qxg4 Nxd4
9.Qd1 Ne6 10.Be2 Qa5 11.Qd2 Bxc3 12.bxc3 d6 13.O-O Bd7 14.Qd5 Qc7 15.f4 Bc6
16.Qd3 O-O-O 17.Bd4 Rhg8 18.Qe3 b6 19.Bg4 Bd7 20.a4 Nc5 21.Bxd7+ Nxd7 22.e5
Qxc4 23.a5 Kb7 24.Rfb1 Qc6 25.Rb2 Nc5 26.Kh1 h6 27.h3 g5 28.axb6 axb6 29.exd6
exd6 30.Bxc5 dxc5 31.Rba2 gxf4 32.Qe7+ Rd7 33.Ra7+ Kb8 34.Qe5+ Rd6 35.Ra8+
Qxa8 {#r} 1-0

[Event "Ch Russia (juniors) (under 18)"]
[Site "masterchessopen.com Dagomys (Russia)"]
[Round "2"]
[White "Panchenko Dmitry (RUS)"]
[Black "Plotnikov Pavel (RUS)"]
[Result "0-1"]
[WhiteElo "2368"]
[BlackElo "2238"]

1.e4 c5 2.Nf3 Nc6 3.d4 cxd4 4.Nxd4 g6 5.c4 Bg7 6.Be3 Nf6 7.Nc3 Ng4 8.Qxg4 Nxd4
9.Qd1 Ne6 10.Rc1 d6 11.Be2 Bd7 12.O-O Bc6 13.Qd2 O-O 14.Nd5 Nc5 15.f3 b6 16.b4
Nd7 17.Bg5 Re8 18.Kh1 Rc8 19.f4 Nf6 20.Bd3 e6 21.Nc3 h6 22.Bh4 Qd7 23.Rce1 Rc7
24.Bc2 Qc8 25.f5 exf5 26.exf5 g5 27.Bg3 Rxe1 28.Bxe1 d5 29.cxd5 Nxd5 30.Nxd5
Bxd5 31.Qxd5 Rxc2 32.Bg3 Rc1 33.Kg1 Qc3 34.Rxc1 Bd4+ 35.Kf1 Qd3+ {#R} 0-1

[Event "Ch Russia (juniors) (under 18) (g)"]
[Site "masterchessopen.com Dagomys (Russia)"]
[Round "0"]
[White "Lomako Anna (RUS)"]
[Black "Airapetian Tatevik (RUS)"]
[Result "1-0"]
[WhiteElo "2232"]
[BlackElo "2130"]

1.e4 c5 2.Nf3 Nc6 3.d4 cxd4 4.Nxd4 g6 5.c4 Bg7 6.Be3 Nf6 7.Nc3 Ng4 8.Qxg4 Nxd4
9.Qd1 Ne6 10.Rc1 d6 11.b4 O-O 12.Be2 a5 13.a3 axb4 14.axb4 f5 15.exf5 Rxf5
16.Bg4 Re5 17.O-O Kh8 18.Nd5 Nf8 19.Bf3 Ra3 20.Bd4 Rf5 21.Bxg7+ Kxg7 22.Bg4
Re5 23.Bxc8 Qxc8 24.f4 Re4 25.Qc2 Rd4 26.Nxe7 Qd8 27.Qb2 Rd3 28.Rcd1 Kf7
29.Rxd3 Rxd3 30.Nd5 Nd7 31.f5 Qg5 32.Qe2 {#r} 1-0

[Event "Cup Doeberl"]
[Site "masterchessopen.com Canberra (Australia)"]
[Date "2004.04.09"]
[Round "1"]
[White "Solomon Stephen J (AUS)"]
[Black "Stawski Nikolai (AUS)"]
[Result "1-0"]
[WhiteElo "2435"]
[BlackElo "2048"]

1.e4 c5 2.Nf3 g6 3.d4 cxd4 4.Nxd4 Bg7 5.c4 Nc6 6.Be3 Nf6 7.Nc3 Ng4 8.Qxg4 Nxd4
9.Qd1 Ne6 10.Qd2 Qa5 11.Rc1 g5 12.Be2 Qe5 13.h4 h6 14.g3 b6 15.f4 gxf4 16.gxf4
Qb8 17.Nd5 Nc5 18.Rg1 Kf8 19.Bd4 Bxd4 20.Qxd4 Rh7 21.Rc3 d6 22.Rcg3 Ke8
23.Rg8+ Kd7 24.Bg4+ Ne6 25.Qd1 h5 26.Qa4+ b5 27.cxb5 Qb7 28.b6+ Qc6 29.Bxe6+
fxe6 30.Rd8+ {#r} 1-0

[Event "Ch France (team) (juniors) 2003/04"]
[Site "masterchessopen.com France"]
[Date "2004.05.02"]
[Round "11"]
[White "Canterini Baptiste (FRA)"]
[Black "Ip Nicolas (FRA)"]
[Result "1-0"]
[WhiteElo "2045"]
[BlackElo "2049"]

1.e4 c5 2.Nf3 Nc6 3.d4 cxd4 4.Nxd4 g6 5.c4 Bg7 6.Be3 Nf6 7.Nc3 Ng4 8.Qxg4 Nxd4
9.Qd1 Ne6 10.Rc1 Qa5 11.Qd2 g5 12.a3 Qe5 13.Rd1 h5 14.Qd5 Rg8 15.Be2 g4 16.h3
Nf4 17.Bxf4 Qxf4 18.hxg4 Bxc3+ 19.bxc3 hxg4 20.g3 Qf6 21.Qd4 Qg6 22.c5 f6
23.Rh4 Rf8 24.Bxg4 e6 25.Bh5 {#r} 1-0

[Event "Ch France (team) (juniors) 2003/04"]
[Site "masterchessopen.com France"]
[Date "2004.05.02"]
[Round "11"]
[White "Savalle Alexandre (FRA)"]
[Black "Saatdjian Stephane (FRA)"]
[Result "1-0"]
[WhiteElo "1869"]
[BlackElo "1932"]

1.e4 c5 2.Nf3 Nc6 3.d4 cxd4 4.Nxd4 g6 5.c4 Bg7 6.Be3 Nf6 7.Nc3 Ng4 8.Qxg4 Nxd4
9.Bxd4 Bxd4 10.Rc1 Qb6 11.Qe2 O-O 12.Qd2 Bg7 13.Be2 e6 14.O-O f5 15.exf5 exf5
16.b3 Qd4 17.Qxd4 Bxd4 18.Nd5 b6 19.Bf3 Rb8 20.Rfe1 d6 21.Ne7+ Kh8 22.Nc6 Bb2
23.Rc2 Rb7 24.Rxb2 Rc7 25.Nd4 Rcf7 26.Rbe2 g5 27.Re8 Kg7 28.Ne6+ Bxe6 29.Rxf8
Rxf8 30.Rxe6 g4 31.Bd5 Kh8 32.Rxd6 f4 33.f3 gxf3 34.gxf3 Rf5 35.Kf1 Kg7 {#r}
1-0

[Event "Ch Bayern (seniors) (open)"]
[Site "masterchessopen.com Schney (Germany)"]
[Date "2004.06.08"]
[Round "3"]
[White "Braeu Ludwig (GER)"]
[Black "Kraft Hans (GER)"]
[Result "0-1"]
[WhiteElo "1989"]
[BlackElo "2118"]

1.Nf3 c5 2.c4 Nc6 3.d4 cxd4 4.Nxd4 g6 5.e4 Bg7 6.Be3 Nf6 7.Nc3 Ng4 8.Qxg4 Nxd4
9.Qd1 Ne6 10.Be2 Qa5 11.Bd2 Qe5 12.Qc1 g5 13.g3 b6 14.Bf3 Bb7 15.O-O Rc8 16.b3
h5 17.Bg2 h4 18.f4 Qd4+ 19.Rf2 hxg3 20.hxg3 gxf4 21.gxf4 Nc5 22.Qc2 Bxe4 {#R}
0-1

[Event "Ch Europe (juniors) (under 18) (g)"]
[Site "masterchessopen.com Urgup (Turkey)"]
[Date "2004.07.29"]
[Round "1"]
[White "Bednikova Stefi (BUL)"]
[Black "Khudaya Iryna (BLR)"]
[Result "0-1"]
[WhiteElo "2086"]
[BlackElo "2029"]

1.e4 c5 2.Nf3 Nc6 3.d4 cxd4 4.Nxd4 g6 5.c4 Bg7 6.Be3 Nf6 7.Nc3 Ng4 8.Qxg4 Nxd4
9.Qd1 Ne6 10.Qd2 O-O 11.Be2 d6 12.O-O Bd7 13.Rac1 Re8 14.Nd5 Nc5 15.f3 b6
16.b4 Nb7 17.Bg5 Rc8 18.f4 h6 19.Bh4 Bc6 20.f5 g5 21.Bg3 e6 22.f6 Bxd5 23.cxd5
Rxc1 24.Rxc1 Bxf6 25.Ba6 Qd7 26.a4 Rb8 27.dxe6 Qxe6 28.Bxb7 Rxb7 29.Qxd6 Qxd6
30.Bxd6 Be7 31.e5 Kf8 32.b5 Ke8 33.Rc7 {#R} 0-1

[Event "It (open) \"]
[Site "masterchessopen.com Berlin (Germany)"]
[Date "2004.08.16"]
[Round "3"]
[White "Van Asseldonk Paul (NED)"]
[Black "Lueders Gerhard (GER)"]
[Result "0-1"]
[WhiteElo "2057"]
[BlackElo "2223"]

1.e4 c5 2.c4 g6 3.Nf3 Bg7 4.d4 cxd4 5.Nxd4 Nc6 6.Be3 Nf6 7.Nc3 Ng4 8.Qxg4 Nxd4
9.O-O-O h5 10.Qh4 Ne6 11.Kb1 Bxc3 12.bxc3 Qa5 13.Rd5 Qxc3 14.Bd2 Qg7 15.Bb4 f6
16.f4 b6 17.f5 Nc7 18.Rd4 d6 19.Qf2 Na6 20.Bc3 Nc5 21.Be2 Bb7 22.Bf3 g5 23.g3
h4 24.Rg1 hxg3 25.Rxg3 O-O-O 26.Qg2 Kb8 27.Rg4 Qf7 28.Qe2 Rc8 29.Be1 Ba6 30.h4
gxh4 31.Bxh4 Nd7 32.Qg2 Ne5 33.Rg7 Qf8 34.Bg3 Qxg7 {#R} 0-1

[Event "Ch Poland (team) (2nd liga)"]
[Site "masterchessopen.com Polanica Zdroj (Poland)"]
[Date "2004.09.06"]
[Round "4"]
[White "Zdziarska Lidia (POL)"]
[Black "Zimolzak Piotr (POL)"]
[Result "0-1"]
[WhiteElo "1921"]
[BlackElo "2119"]

1.e4 c5 2.Nf3 Nc6 3.d4 cxd4 4.Nxd4 g6 5.c4 Bg7 6.Be3 Nf6 7.Nc3 Ng4 8.Qxg4 Nxd4
9.Qd1 Ne6 10.Qd2 d6 11.Be2 b6 12.O-O O-O 13.f4 Bb7 14.Bf3 Rc8 15.f5 Nc5 16.Bd4
Nd7 17.Bxg7 Kxg7 18.b3 Ne5 19.Be2 Qc7 20.Kh1 Qc5 21.Rad1 Nd7 22.fxg6 hxg6
23.Bg4 Rcd8 24.Nd5 Bxd5 25.cxd5 Ne5 26.Bh3 Qb5 27.Rf2 a5 28.Qc2 Ra8 29.Rd4 Qc5
30.Qb2 Rh8 31.Rd1 a4 {#R} 0-1

[Event "Ch Poland (team) (2nd liga)"]
[Site "masterchessopen.com Polanica Zdroj (Poland)"]
[Date "2004.09.09"]
[Round "7"]
[White "Babik Tomasz (POL)"]
[Black "Palosz Andrzej (POL)"]
[Result "0-1"]
[WhiteElo "2255"]
[BlackElo "2172"]

1.c4 c5 2.Nf3 Nc6 3.d4 cxd4 4.Nxd4 g6 5.e4 Bg7 6.Be3 Nf6 7.Nc3 Ng4 8.Qxg4 Nxd4
9.Qd1 e5 10.Be2 O-O 11.O-O d6 12.Qd2 Qa5 13.Rfd1 Be6 14.Bxd4 exd4 15.Nb5 Qxd2
16.Rxd2 Rfc8 17.f4 Bxc4 18.Nxd6 Bxe2 19.Nxc8 d3 20.Ne7+ Kf8 21.Nd5 Bd4+ 22.Kh1
Rd8 23.Re1 f5 24.Nc7 Kf7 25.exf5 gxf5 26.Nb5 Bf2 27.Red1 Be3 28.Nc3 Bxd1
29.Rxd1 Bxf4 30.Kg1 Be5 31.Kf2 {#R} 0-1

[Event "Ch Poland (team) (2nd liga)"]
[Site "masterchessopen.com Polanica Zdroj (Poland)"]
[Date "2004.09.10"]
[Round "9"]
[White "Prus Marek (POL)"]
[Black "Lunkiewicz Dariusz (POL)"]
[Result "0-1"]
[WhiteElo "1947"]
[BlackElo "2129"]

1.e4 c5 2.Nf3 Nc6 3.d4 cxd4 4.Nxd4 g6 5.c4 Bg7 6.Be3 Nf6 7.Nc3 Ng4 8.Qxg4 Bxd4
9.Bxd4 Nxd4 10.O-O-O e5 11.f4 d6 12.Qg3 f6 13.c5 Be6 14.Kb1 Rc8 15.cxd6 Qxd6
16.fxe5 Qxe5 17.Qxe5 fxe5 18.Nb5 O-O 19.Rd2 Rxf1+ 20.Rxf1 Nxb5 21.Rdf2 Nd4
22.h3 b5 23.b3 Kg7 24.Kb2 Rc7 25.Re1 g5 26.Re3 b4 27.Rg3 h6 28.Re3 Nb5 29.Rd3
Nc3 {#R} 0-1

[Event "Ch Belgium (team) 2004/05"]
[Site "masterchessopen.com Belgium"]
[Date "2004.09.19"]
[Round "1"]
[White "Pannekoek W"]
[Black "Praet Maarten (BEL)"]
[Result "0-1"]
[WhiteElo "2090"]
[BlackElo "2199"]

1.e4 c5 2.Nf3 g6 3.d4 cxd4 4.Nxd4 Bg7 5.c4 Nc6 6.Be3 Nf6 7.Nc3 Ng4 8.Qxg4 Nxd4
9.Qd1 Ne6 10.Rc1 Qa5 11.Qd2 b6 12.Be2 Bb7 13.f3 d6 14.O-O g5 15.a3 h5 16.Rfd1
Qe5 17.b4 h4 18.Nd5 Bc6 19.Qd3 Kf8 20.Rd2 Rc8 21.c5 dxc5 22.bxc5 Bxd5 23.Qa6
Qb8 24.exd5 Nxc5 25.Qc4 Be5 26.h3 f6 27.a4 Kg7 28.Qb4 Bd6 29.Qd4 Nb3 {#R} 0-1

[Event "Memorial M.Najdorf (a)"]
[Site "masterchessopen.com Buenos Aires (Argentina)"]
[Date "2004.10.01"]
[Round "1"]
[White "Lopez Silva Hugo (CHI)"]
[Black "Shcherbine Andrei (RUS)"]
[Result "1-0"]
[WhiteElo "2370"]
[BlackElo "2232"]

1.e4 c5 2.c4 Nc6 3.Ne2 g6 4.d4 cxd4 5.Nxd4 Bg7 6.Be3 Nf6 7.Nc3 Ng4 8.Qxg4 Nxd4
9.Qd1 Ne6 10.Rc1 b6 11.Be2 Bb7 12.Qd2 d6 13.O-O O-O 14.b4 f5 15.exf5 gxf5
16.Nd5 Kh8 17.Rfe1 Qe8 18.f4 Qf7 19.Bf3 Rab8 20.Bf2 Rfe8 21.Bd1 Nd8 22.Ba4 Nc6
23.Nc7 Rg8 24.Qd5 e6 25.Nxe6 Nd4 26.Qxd4 Bxg2 27.Nxg7 Rxg7 28.Bg3 Qb7 29.Re6
{#r} 1-0

[Event "It (open)"]
[Site "masterchessopen.com Zurich (Switzerland)"]
[Round "3"]
[White "Cvitan Ognjen (CRO)"]
[Black "Loew Gerald (GER)"]
[Result "1-0"]
[WhiteElo "2532"]
[BlackElo "2272"]

1.c4 c5 2.Nf3 g6 3.e4 Bg7 4.d4 cxd4 5.Nxd4 Nc6 6.Be3 Nf6 7.Nc3 Ng4 8.Qxg4 Nxd4
9.Qd1 Ne6 10.Rc1 Qa5 11.Qd2 g5 12.h4 h6 13.b3 b6 14.Nd5 Qxd2+ 15.Kxd2 Bb7
16.Be2 Rg8 17.hxg5 hxg5 18.Bg4 Rc8 19.f3 Be5 20.Rh7 Nf4 21.g3 Nxd5 22.exd5 f6
23.Rg1 Bd6 24.Bd4 b5 25.Bxf6 bxc4 26.Bxe7 Bxe7 27.Re1 Bxd5 28.Rexe7+ Kf8
29.Rxd7 {#r} 1-0

[Event "Extraliga 2004/05"]
[Site "masterchessopen.com Slovakia"]
[Date "2004.12.11"]
[Round "3"]
[White "Czebe Attila (HUN)"]
[Black "Smolen Jan (SVK)"]
[Result "1-0"]
[WhiteElo "2477"]
[BlackElo "2334"]

1.Nf3 Nf6 2.c4 g6 3.Nc3 Bg7 4.e4 c5 5.d4 cxd4 6.Nxd4 Nc6 7.Be3 Ng4 8.Qxg4 Nxd4
9.Qd1 Ne6 10.Rc1 d6 11.Be2 Bd7 12.O-O Bc6 13.Qd2 Nc5 14.Bh6 Bxh6 15.Qxh6 Nxe4
16.Nd5 e6 17.Qg7 Rf8 18.Rfe1 Kd7 19.Bg4 Ng5 20.h4 h5 21.Nf6+ Ke7 22.Bxh5 Ne4
23.Nxe4 gxh5 24.Ng5 Bd7 25.Re3 Qa5 26.Rf3 Qd2 27.Nxf7 Qxc1+ 28.Kh2 Be8 29.Ng5+
Bf7 30.Rxf7+ {#r} 1-0

[Event "It (open)"]
[Site "masterchessopen.com Krakow (Poland)"]
[Date "2004.12.29"]
[Round "3"]
[White "Chojnacki Krzysztof (POL)"]
[Black "Palosz Andrzej (POL)"]
[Result "1-0"]
[WhiteElo "2310"]
[BlackElo "2172"]

1.e4 c5 2.Nf3 Nc6 3.d4 cxd4 4.Nxd4 g6 5.c4 Bg7 6.Be3 Nf6 7.Nc3 Ng4 8.Qxg4 Nxd4
9.Qd1 e5 10.Qd2 O-O 11.Nb5 Re8 12.Be2 d6 13.O-O a6 14.Nxd4 exd4 15.Bxd4 Rxe4
16.Bxg7 Kxg7 17.b3 Qf6 18.Rad1 h5 19.Bf3 Re6 20.Rfe1 Rxe1+ 21.Qxe1 a5 22.Qe8
a4 23.bxa4 Qe6 24.Qb5 Bd7 25.Qb2+ Kg8 26.Bd5 Qf5 27.Qxb7 Rxa4 28.c5 dxc5
29.Bxf7+ Qxf7 30.Rxd7 Rxa2 31.Qb8+ {#r} 1-0

[Event "It (open)"]
[Site "masterchessopen.com Travemunde (Germany)"]
[Date "2004.12.29"]
[Round "6"]
[White "Pogorelov Ruslan (UKR)"]
[Black "Schmid Thomas (GER)"]
[Result "1-0"]
[WhiteElo "2439"]
[BlackElo "2163"]

1.Nf3 Nf6 2.c4 c5 3.Nc3 Nc6 4.d4 cxd4 5.Nxd4 g6 6.e4 Bg7 7.Be3 Ng4 8.Qxg4 Nxd4
9.Qd1 Ne6 10.Rc1 d6 11.Bd3 O-O 12.O-O Nc5 13.Bb1 a5 14.b3 Bd7 15.Qd2 Bc6
16.Rfe1 Nd7 17.Nd5 Re8 18.Bg5 Bf8 19.h4 h5 20.Rc3 Qb8 21.Rg3 e6 22.Nf6+ Nxf6
23.Bxf6 Kh7 24.e5 {#r} 1-0

[Event "It (open)"]
[Site "masterchessopen.com St. Helier (Jersey)"]
[Date "2005.02.14"]
[Round "2"]
[White "Taylor Phil (ENG)"]
[Black "Bennet William D (ENG)"]
[Result "1-0"]
[WhiteElo "2055"]
[BlackElo "2165"]

1.e4 c5 2.Nf3 Nc6 3.d4 cxd4 4.Nxd4 g6 5.c4 Bg7 6.Be3 Nf6 7.Nc3 Ng4 8.Qxg4 Nxd4
9.Qd1 e5 10.Bd3 O-O 11.O-O d6 12.Qd2 Be6 13.Rac1 Qd7 14.b3 a6 15.f3 Rfc8
16.Rfd1 Rab8 17.Ne2 b5 18.Nxd4 exd4 19.Bf2 bxc4 20.Bxc4 Bxc4 21.bxc4 Qa4
22.Bxd4 Bxd4+ 23.Qxd4 Qxa2 24.Rd2 Qa3 25.Ra1 Qb3 26.Qxd6 Rxc4 27.Rad1 Qe3+
28.Kf1 Rb6 29.Qe5 f6 30.Qd5+ {#r} 1-0

[Event "It (open) \"]
[Site "masterchessopen.com Moscow (Russia)"]
[Date "2005.02.18"]
[Round "5"]
[White "Krivoshey Sergei (UKR)"]
[Black "Moradiabadi Elshan (IRI)"]
[Result "1-0"]
[WhiteElo "2535"]
[BlackElo "2497"]

1.Nf3 c5 2.c4 g6 3.d4 cxd4 4.Nxd4 Bg7 5.e4 Nc6 6.Be3 Nf6 7.Nc3 Ng4 8.Qxg4 Nxd4
9.Qd1 e5 10.Nb5 O-O 11.Qd2 Qh4 12.Bd3 Nxb5 13.cxb5 d5 14.exd5 Qd8 15.Bc4 Qd6
16.Rc1 b6 17.O-O Bb7 18.b4 Rad8 19.Rfd1 f5 20.Bb3 f4 21.Bc5 bxc5 22.bxc5 Qf6
23.d6+ Kh8 24.c6 Bc8 25.d7 e4 26.Qd6 Qh4 27.Qe6 f3 28.g3 Qh5 29.Rd5 Qh6 30.Re1
Bxd7 31.cxd7 Rf6 32.Qg4 Rf7 33.h4 {#r} 1-0